[Event "XLVIII C.to Italiano"]
[Site "Chianciano Terme ITA"]
[Date "1988.04.??"]
[Round "7"]
[White "Bellia, Fabrizio"]
[Black "Braga, Fernando Alberto"]
[Result "1/2-1/2"]
[WhiteElo "2265"]
[BlackElo "2425"]
[PlyCount "30"]
[EventDate "1988.04.16"]

1. e4 Nf6 2. e5 Nd5 3. d4 d6 4. Nf3 g6 5. Bc4 Nb6 6. Bb3 Bg7 7. Ng5 e6 8. Qf3
O-O 9. Qh3 h6 10. Nf3 dxe5 11. dxe5 Nc6 12. Bxh6 Nxe5 13. Ng5 Qf6 14. Bxg7 Qxg7
15. Nc3 Qh8 1/2-1/2

[Event "XLVIII C.to Italiano"]
[Site "Chianciano Terme ITA"]
[Date "1988.04.??"]
[Round "7"]
[White "Sibilio, Mario"]
[Black "Godena, Michele"]
[Result "1-0"]
[WhiteElo "2320"]
[BlackElo "2430"]
[PlyCount "79"]
[EventDate "1988.04.16"]

1. e4 e5 2. Bc4 Nf6 3. d3 Nc6 4. Nf3 h6 5. O-O d6 6. c3 g6 7. d4 Qe7 8. Re1 Bg7
9. dxe5 Nxe5 10. Nxe5 Qxe5 11. Nd2 O-O 12. h3 Bd7 13. Bd3 Rfe8 14. Nc4 Qe6 15.
Bd2 Bc6 16. f3 d5 17. exd5 Qxd5 18. Bf1 Rad8 19. Be3 b5 20. Na5 Qxd1 21. Raxd1
Rxd1 22. Rxd1 Bxf3 23. gxf3 Rxe3 24. Kf2 Re8 25. Bxb5 Rb8 26. a4 a6 27. Bxa6
Ra8 28. Bb5 Rxa5 29. Rd8+ Bf8 30. b4 Ra7 31. Ke3 Kg7 32. Kd4 Be7 33. Rc8 c5+
34. bxc5 Nd7 35. c6 Nb6 36. Rb8 Bf6+ 37. Kc5 Nxa4+ 38. Bxa4 Rxa4 39. c7 Ra3 40.
c4 1-0

[Event "XLVIII C.to Italiano"]
[Site "Chianciano Terme ITA"]
[Date "1988.04.??"]
[Round "7"]
[White "Tatai, Stefano"]
[Black "Vezzosi, Paolo"]
[Result "1-0"]
[WhiteElo "2380"]
[BlackElo "2270"]
[PlyCount "86"]
[EventDate "1988.04.16"]

1. Nf3 Nf6 2. c4 g6 3. Nc3 Bg7 4. e4 d6 5. d4 O-O 6. Be2 c5 7. O-O cxd4 8. Nxd4
Nc6 9. Be3 Bd7 10. Rc1 Nxd4 11. Bxd4 Bc6 12. f3 Nd7 13. Be3 a5 14. b3 Kh8 15.
Qd2 f5 16. exf5 gxf5 17. Nd5 Rf7 18. f4 Nc5 19. Bf3 e6 20. Nc3 Ne4 21. Nxe4
Bxe4 22. Bxe4 fxe4 23. Rcd1 Ra6 24. Qc2 Rd7 25. Qxe4 d5 26. cxd5 exd5 27. Qd3
d4 28. Bd2 a4 29. Rde1 axb3 30. axb3 Qg8 31. f5 Bf6 32. Re2 Rb6 33. b4 Rd8 34.
Rfe1 Rbd6 35. Bf4 Rd5 36. Re6 Qg7 37. g4 Rg8 38. h3 h5 39. Qe4 Rb5 40. Be5 Bxe5
41. Rxe5 Rxb4 42. Re7 Qf6 43. Re6 Qg7 1-0

[Event "XLVIII C.to Italiano"]
[Site "Chianciano Terme ITA"]
[Date "1988.04.??"]
[Round "7"]
[White "Vallifuoco, Giacomo"]
[Black "Martorelli, Antonio"]
[Result "1-0"]
[WhiteElo "2350"]
[BlackElo "2235"]
[PlyCount "55"]
[EventDate "1988.04.16"]

1. d4 Nf6 2. c4 g6 3. Nc3 Bg7 4. e4 d6 5. Be2 O-O 6. Be3 Nc6 7. d5 Ne5 8. f4
Neg4 9. Bd2 h5 10. h3 Nh6 11. Nf3 e6 12. dxe6 Bxe6 13. Qc1 Kh7 14. Ng5+ Kh8 15.
g4 Bd7 16. f5 gxf5 17. gxf5 Bc6 18. Rg1 Nhg8 19. Qc2 Qe7 20. O-O-O Rae8 21. Bf3
Nd7 22. Bxh5 Ngf6 23. Bf3 Ne5 24. Be2 a5 25. Rg3 Nfd7 26. Rdg1 Bf6 27. Bf1 Nc5
28. Qd1 1-0

[Event "XLVIII C.to Italiano"]
[Site "Chianciano Terme ITA"]
[Date "1988.04.??"]
[Round "8"]
[White "Bellia, Fabrizio"]
[Black "Tatai, Stefano"]
[Result "1-0"]
[WhiteElo "2265"]
[BlackElo "2380"]
[PlyCount "95"]
[EventDate "1988.04.16"]

1. e4 c5 2. Nf3 d6 3. d4 cxd4 4. Nxd4 Nf6 5. Nc3 g6 6. g3 Nc6 7. Nde2 Bg7 8.
Bg2 O-O 9. O-O Bd7 10. h3 a5 11. a4 Nb4 12. Re1 Qc8 13. Kh2 Rd8 14. Nd4 Be8 15.
f4 e5 16. Ndb5 Bc6 17. Qe2 b6 18. Be3 Qb7 19. Qf2 Rd7 20. Rad1 Ne8 21. Re2 exf4
22. gxf4 Rb8 23. Red2 Qa6 24. e5 Bxg2 25. Qxg2 d5 26. Nxd5 Nxd5 27. Rxd5 Rxd5
28. Qxd5 Qc8 29. c3 Bf8 30. Nd6 Qd7 31. Qb5 Qxb5 32. axb5 Nc7 33. Nxf7 Nxb5 34.
Rd8 Rxd8 35. Nxd8 a4 36. Bxb6 a3 37. bxa3 Nxc3 38. Ba5 Nd5 39. a4 Nxf4 40. Bb6
Nd3 41. Nc6 Kf7 42. a5 Bc5 43. Bxc5 Nxc5 44. Kg3 Ke6 45. Kf4 h6 46. Nb4 g5+ 47.
Kg4 Kxe5 48. Nd3+ 1-0

[Event "XLVIII C.to Italiano"]
[Site "Chianciano Terme ITA"]
[Date "1988.04.??"]
[Round "8"]
[White "Braga, Fernando Alberto"]
[Black "Zichichi, Alvise"]
[Result "1-0"]
[WhiteElo "2425"]
[BlackElo "2350"]
[PlyCount "63"]
[EventDate "1988.04.16"]

1. e4 c5 2. Nf3 e6 3. c3 d5 4. e5 d4 5. cxd4 cxd4 6. Bb5+ Nc6 7. Bxc6+ bxc6 8.
Qa4 Qb6 9. d3 Ba6 10. Nxd4 Bc5 11. Be3 Ne7 12. O-O O-O 13. Nxc6 Nxc6 14. Bxc5
Qxc5 15. Qxa6 Rab8 16. Nd2 Nxe5 17. Nb3 Qc2 18. d4 Ng6 19. Rfc1 Qe4 20. Qc6 Qg4
21. h3 Qf4 22. Rc3 a5 23. Rac1 h5 24. Rf3 Qh6 25. Rc5 Nh4 26. Rg3 Qh7 27. Kh2
Nf5 28. Rf3 Nh4 29. Rfc3 Qh6 30. Qe4 Nf5 31. Rxa5 Rb4 32. Ra8 1-0

[Event "XLVIII C.to Italiano"]
[Site "Chianciano Terme ITA"]
[Date "1988.04.??"]
[Round "8"]
[White "Godena, Michele"]
[Black "Belotti, Bruno"]
[Result "0-1"]
[WhiteElo "2430"]
[BlackElo "2340"]
[PlyCount "76"]
[EventDate "1988.04.16"]

1. e4 d6 2. d4 Nf6 3. Nc3 g6 4. g3 Bg7 5. Bg2 O-O 6. Nge2 e5 7. O-O Nbd7 8. h3
exd4 9. Nxd4 Re8 10. Re1 Nc5 11. Nb3 Nfd7 12. Bf4 a5 13. Qd2 Ne6 14. Bh6 Bh8
15. a4 Ndc5 16. Nxc5 Nxc5 17. h4 Be6 18. Rad1 Qc8 19. b3 Rb8 20. Be3 b6 21. h5
Nd7 22. hxg6 hxg6 23. Bd4 Bxd4 24. Qxd4 Qd8 25. f4 f6 26. Kf2 Kg7 27. Rh1 Qe7
28. Bh3 Nc5 29. Bxe6 Qxe6 30. Kf3 Rh8 31. Nd5 Qf7 32. g4 Ne6 33. Qc3 g5 34.
fxg5 Nxg5+ 35. Kf4 Rbe8 36. Rde1 Rxh1 37. Rxh1 Rxe4+ 38. Kg3 Qxd5 0-1

[Event "XLVIII C.to Italiano"]
[Site "Chianciano Terme ITA"]
[Date "1988.04.??"]
[Round "8"]
[White "Martorelli, Antonio"]
[Black "Sibilio, Mario"]
[Result "1-0"]
[WhiteElo "2235"]
[BlackElo "2320"]
[PlyCount "62"]
[EventDate "1988.04.16"]

1. e4 c5 2. Nf3 Nc6 3. Bb5 d6 4. c3 a6 5. Ba4 c4 6. Bxc6+ bxc6 7. Na3 d5 8. Ne5
Qc7 9. d4 Nf6 10. Bf4 g5 11. Bxg5 Nxe4 12. Bf4 Qb7 13. Qh5 Be6 14. Rb1 Nf6 15.
Qe2 Bf5 16. Nc2 Qb5 17. g4 Bd3 18. Qd1 a5 19. Nxd3 cxd3 20. Ne3 Ne4 21. O-O e6
22. f3 Nd6 23. b3 Qa6 24. Rc1 h5 25. c4 hxg4 26. Nxg4 dxc4 27. bxc4 Nxc4 28.
Qxd3 Bd6 29. Qe4 O-O-O 30. Bxd6 Nxd6 31. Rxc6+ Kb7 1-0

[Event "XLVIII C.to Italiano"]
[Site "Chianciano Terme ITA"]
[Date "1988.04.??"]
[Round "8"]
[White "Vezzosi, Paolo"]
[Black "Arlandi, Ennio"]
[Result "1/2-1/2"]
[WhiteElo "2270"]
[BlackElo "2405"]
[PlyCount "58"]
[EventDate "1988.04.16"]

1. d4 Nf6 2. Nf3 e6 3. c4 Bb4+ 4. Bd2 c5 5. Bxb4 cxb4 6. g3 O-O 7. Bg2 d6 8.
O-O a5 9. a3 Na6 10. axb4 Nxb4 11. Nc3 Qc7 12. Qb3 Bd7 13. Rac1 Rfc8 14. Nd1
Na6 15. Ne3 Rab8 16. Qa3 Be8 17. Ra1 b6 18. Rfd1 h6 19. h4 Nb4 20. b3 Bc6 21.
Rac1 Be4 22. Bh3 Rd8 23. Nd2 Bh7 24. Bg2 Qe7 25. Qa1 Nd7 26. Nb1 Rdc8 27. Na3
f5 28. Nb5 f4 29. Nf1 fxg3 1/2-1/2

[Event "XLVIII C.to Italiano"]
[Site "Chianciano Terme ITA"]
[Date "1988.04.??"]
[Round "9"]
[White "Arlandi, Ennio"]
[Black "Bellia, Fabrizio"]
[Result "1-0"]
[WhiteElo "2405"]
[BlackElo "2265"]
[PlyCount "75"]
[EventDate "1988.04.16"]

1. d4 Nf6 2. c4 g6 3. Nc3 Bg7 4. e4 O-O 5. Nf3 d6 6. Be2 e5 7. O-O Nc6 8. d5
Ne7 9. Ne1 Nd7 10. f3 f5 11. g4 Nf6 12. Be3 Kh8 13. h3 c6 14. b4 b5 15. dxc6
bxc4 16. b5 Be6 17. Rc1 d5 18. exd5 Nexd5 19. Bxc4 Nxe3 20. Qxd8 Bxc4 21. Qe7
Bxf1 22. g5 Ng8 23. Qc5 f4 24. h4 Rfe8 25. Ne4 Bf8 26. Qc3 Bxb5 27. Nd3 Bxd3
28. Qxd3 Nf5 29. c7 Bg7 30. h5 gxh5 31. Nf6 e4 32. Qd7 Bxf6 33. gxf6 Nge7 34.
fxe7 Nxe7 35. fxe4 h4 36. Kf2 Rac8 37. Rc5 Kg8 38. Re5 1-0

[Event "XLVIII C.to Italiano"]
[Site "Chianciano Terme ITA"]
[Date "1988.04.??"]
[Round "9"]
[White "Belotti, Bruno"]
[Black "Martorelli, Antonio"]
[Result "1-0"]
[WhiteElo "2340"]
[BlackElo "2235"]
[PlyCount "59"]
[EventDate "1988.04.16"]

1. d4 Nf6 2. c4 g6 3. Nc3 Bg7 4. Nf3 O-O 5. Bg5 d6 6. e3 h6 7. Bh4 g5 8. Bg3
Nh5 9. Bd3 Nxg3 10. hxg3 e6 11. Qc2 Nd7 12. g4 Nf6 13. Nh2 c5 14. dxc5 dxc5 15.
O-O-O Qa5 16. f4 b5 17. fxg5 hxg5 18. Nf3 Re8 19. Nxg5 bxc4 20. Bh7+ Kf8 21.
Nxf7 Nd5 22. Rhf1 Ke7 23. Qg6 Bxc3 24. Rxd5 Bxb2+ 25. Kd1 Qa4+ 26. Ke2 Qxa2 27.
Rd2 Rg8 28. Qxg8 Bd7 29. Qg5+ Ke8 30. Nd6# 1-0

[Event "XLVIII C.to Italiano"]
[Site "Chianciano Terme ITA"]
[Date "1988.04.??"]
[Round "9"]
[White "Vallifuoco, Giacomo"]
[Black "Vezzosi, Paolo"]
[Result "1/2-1/2"]
[WhiteElo "2350"]
[BlackElo "2270"]
[PlyCount "23"]
[EventDate "1988.04.16"]

1. d4 Nf6 2. Nf3 e6 3. c4 d5 4. Nc3 Bb4 5. cxd5 exd5 6. Bg5 h6 7. Bxf6 Qxf6 8.
Qa4+ Nc6 9. e3 O-O 10. Be2 Be6 11. O-O a6 12. Rfd1 1/2-1/2

[Event "XLVIII C.to Italiano"]
[Site "Chianciano Terme ITA"]
[Date "1988.04.??"]
[Round "9"]
[White "Zichichi, Alvise"]
[Black "Godena, Michele"]
[Result "0-1"]
[WhiteElo "2350"]
[BlackElo "2430"]
[PlyCount "74"]
[EventDate "1988.04.16"]

1. Nf3 Nf6 2. c4 e6 3. g3 d5 4. Bg2 c5 5. O-O Nc6 6. cxd5 exd5 7. d4 Be6 8. Nc3
h6 9. Qa4 a6 10. Ne5 Rc8 11. dxc5 Bxc5 12. Nd3 Bd4 13. Nf4 O-O 14. e3 Bxc3 15.
bxc3 Ne5 16. Ba3 Re8 17. h3 Nc4 18. Rfd1 Qc7 19. Rd4 g5 20. Nxe6 fxe6 21. Bc1
Rf8 22. Qc2 Nd6 23. Ba3 Rfd8 24. Bxd6 Rxd6 25. h4 Kg7 26. hxg5 hxg5 27. Rb1 Rc6
28. Qb2 Rxc3 29. Qxb7 Rc1+ 30. Bf1 Ne4 31. Qb2 Kg6 32. Rxc1 Qxc1 33. Qxc1 Rxc1
34. Kg2 Rc2 35. Rxe4 dxe4 36. Bxa6 Rxa2 37. g4 Rxa6 0-1

[Event "XLVIII C.to Italiano"]
[Site "Chianciano Terme ITA"]
[Date "1988.04.??"]
[Round "10"]
[White "Bellia, Fabrizio"]
[Black "Vallifuoco, Giacomo"]
[Result "1/2-1/2"]
[WhiteElo "2265"]
[BlackElo "2350"]
[PlyCount "64"]
[EventDate "1988.04.16"]

1. e4 c5 2. Nf3 d6 3. d4 cxd4 4. Nxd4 Nf6 5. Nc3 Nc6 6. Be2 e5 7. Nf3 h6 8. O-O
Be7 9. Re1 O-O 10. h3 Re8 11. Bf1 Bf8 12. Nd5 Nxd5 13. exd5 Nb8 14. a4 Nd7 15.
a5 f5 16. Bb5 a6 17. Ba4 g5 18. b4 Bg7 19. Ra3 Re7 20. c4 e4 21. Nxg5 hxg5 22.
Bxg5 Nf6 23. Rg3 Rf7 24. c5 Bd7 25. Bb3 Qe7 26. Bf4 Ne8 27. Qh5 Rd8 28. Ree3
Nf6 29. Qg6 Bc8 30. Rc3 Ne8 31. cxd6 Qd7 32. Be5 f4 1/2-1/2

[Event "XLVIII C.to Italiano"]
[Site "Chianciano Terme ITA"]
[Date "1988.04.??"]
[Round "10"]
[White "Braga, Fernando Alberto"]
[Black "Godena, Michele"]
[Result "1-0"]
[WhiteElo "2425"]
[BlackElo "2430"]
[PlyCount "80"]
[EventDate "1988.04.16"]

1. d4 Nf6 2. Nf3 c5 3. d5 e6 4. c4 d6 5. Nc3 exd5 6. cxd5 g6 7. Bf4 Bg7 8. e4
O-O 9. Be2 a6 10. a4 Bg4 11. Nd2 Bxe2 12. Qxe2 Nh5 13. Be3 Nd7 14. O-O f5 15.
exf5 Rxf5 16. f4 Bd4 17. g3 Nhf6 18. Bxd4 cxd4 19. Qe6+ Kg7 20. Nce4 Nc5 21.
Nxc5 dxc5 22. d6 Qe8 23. Rfe1 Qxe6 24. Rxe6 Nd5 25. Rc1 Kf7 26. Re4 b6 27. a5
Re8 28. axb6 Nxb6 29. Ra1 Rd5 30. Rxe8 Kxe8 31. Ne4 Nd7 32. Rxa6 d3 33. Ra1 Rd4
34. Re1 Kf8 35. Ng5 Rxd6 36. Nxh7+ Kg8 37. Ng5 Nf6 38. Nf3 c4 39. Ne5 Rd4 40.
Kf2 Ng4+ 1-0

[Event "XLVIII C.to Italiano"]
[Site "Chianciano Terme ITA"]
[Date "1988.04.??"]
[Round "10"]
[White "Tatai, Stefano"]
[Black "Arlandi, Ennio"]
[Result "1/2-1/2"]
[WhiteElo "2380"]
[BlackElo "2405"]
[PlyCount "95"]
[EventDate "1988.04.16"]

1. d4 Nf6 2. c4 e6 3. Nf3 Bb4+ 4. Nbd2 c5 5. a3 Bxd2+ 6. Bxd2 cxd4 7. Nxd4 Nc6
8. Bc3 O-O 9. e3 Ne4 10. Qc2 Nxc3 11. Qxc3 Nxd4 12. Qxd4 b6 13. Be2 Qc7 14. O-O
Ba6 15. Rfc1 Rfd8 16. Rc3 Qc5 17. Qxc5 bxc5 18. b4 Rac8 19. b5 Bb7 20. a4 Kf8
21. a5 Ke7 22. Rac1 f5 23. f3 g5 24. Kf2 h5 25. h4 g4 26. Kg3 Rg8 27. fxg4 hxg4
28. Bd3 Kf6 29. R3c2 Ke5 30. Rd2 Rc7 31. Rcd1 Rgc8 32. Rf2 d5 33. cxd5 Bxd5 34.
e4 Bxe4 35. Bxe4 fxe4 36. Rf4 c4 37. Re1 c3 38. Rfxe4+ Kd5 39. b6 axb6 40. axb6
Rb7 41. Rb4 Rc4 42. Re5+ Kd4 43. Rxc4+ Kxc4 44. Rxe6 c2 45. Rc6+ Kd3 46. Rd6+
Ke3 47. Rc6 Kd3 48. Rd6+ 1/2-1/2

[Event "XLVIII C.to Italiano"]
[Site "Chianciano Terme ITA"]
[Date "1988.04.??"]
[Round "10"]
[White "Vezzosi, Paolo"]
[Black "Sibilio, Mario"]
[Result "1-0"]
[WhiteElo "2270"]
[BlackElo "2320"]
[PlyCount "60"]
[EventDate "1988.04.16"]

1. d4 g6 2. c4 Bg7 3. Nc3 d6 4. e4 c6 5. Be3 Nh6 6. f3 f5 7. Qd2 Nf7 8. exf5
gxf5 9. Bd3 e5 10. Nge2 Qh4+ 11. g3 Qe7 12. O-O-O O-O 13. Rhe1 Na6 14. h3 Nc7
15. Kb1 a6 16. d5 cxd5 17. Nxd5 Nxd5 18. cxd5 e4 19. Bc2 Ne5 20. Nd4 Qf6 21.
Qc1 exf3 22. Bg5 Qg6 23. g4 Bd7 24. Rg1 Rac8 25. gxf5 Bxf5 26. Nxf5 Rxc2 27.
Ne7+ Kf7 28. Qf4+ Ke8 29. Qxf8+ Bxf8 30. Nxg6 Rxb2+ 1-0

[Event "XLVIII C.to Italiano"]
[Site "Chianciano Terme ITA"]
[Date "1988.04.??"]
[Round "11"]
[White "Belotti, Bruno"]
[Black "Vezzosi, Paolo"]
[Result "1/2-1/2"]
[WhiteElo "2340"]
[BlackElo "2270"]
[PlyCount "20"]
[EventDate "1988.04.16"]

1. c4 e6 2. Nc3 d5 3. d4 Be7 4. Nf3 Nf6 5. Bg5 Nbd7 6. e3 O-O 7. cxd5 Nxd5 8.
Bxe7 Qxe7 9. Bd3 Nxc3 10. bxc3 e5 1/2-1/2

[Event "XLVIII C.to Italiano"]
[Site "Chianciano Terme ITA"]
[Date "1988.04.??"]
[Round "11"]
[White "Godena, Michele"]
[Black "Martorelli, Antonio"]
[Result "1-0"]
[WhiteElo "2430"]
[BlackElo "2235"]
[PlyCount "81"]
[EventDate "1988.04.16"]

1. e4 c5 2. Nf3 e6 3. c3 Nf6 4. e5 Nd5 5. d4 cxd4 6. cxd4 d6 7. Bc4 Be7 8. O-O
O-O 9. Qc2 Nc6 10. Nc3 Nxc3 11. bxc3 dxe5 12. dxe5 b6 13. Qe4 Qc7 14. Bg5 Bb7
15. Bd3 g6 16. Qh4 Rfe8 17. Rfe1 Bf8 18. Re3 Ne7 19. Nd4 Qxc3 20. Rd1 Qc5 21.
Rh3 h5 22. Nxe6 Qc6 23. Nf4 Rad8 24. Re1 Rd4 25. Qg3 Qc3 26. Rf1 Nd5 27. Nxh5
Rxd3 28. Nf6+ Nxf6 29. Bxf6 Bg7 30. Qxd3 Qxd3 31. Rxd3 Ba6 32. Rd7 Bxf1 33.
Kxf1 a5 34. g4 g5 35. Rd5 Re6 36. Bxg5 Bxe5 37. h4 a4 38. Be3 Bc7 39. Bd4 Rc6
40. h5 Rc2 41. Rg5+ 1-0

[Event "XLVIII C.to Italiano"]
[Site "Chianciano Terme ITA"]
[Date "1988.04.??"]
[Round "11"]
[White "Sibilio, Mario"]
[Black "Bellia, Fabrizio"]
[Result "1/2-1/2"]
[WhiteElo "2320"]
[BlackElo "2265"]
[PlyCount "32"]
[EventDate "1988.04.16"]

1. Nf3 Nf6 2. c4 g6 3. g3 Bg7 4. Bg2 c6 5. O-O O-O 6. d4 d5 7. cxd5 cxd5 8. Ne5
e6 9. Nc3 Nfd7 10. f4 f6 11. Nf3 Nc6 12. Be3 Nb6 13. b3 Bd7 14. Rc1 Nc8 15. Kh1
Nd6 16. Bg1 f5 1/2-1/2

[Event "XLVIII C.to Italiano"]
[Site "Chianciano Terme ITA"]
[Date "1988.04.??"]
[Round "11"]
[White "Vallifuoco, Giacomo"]
[Black "Tatai, Stefano"]
[Result "1/2-1/2"]
[WhiteElo "2350"]
[BlackElo "2380"]
[PlyCount "48"]
[EventDate "1988.04.16"]

1. d4 Nf6 2. Nf3 d5 3. c4 e6 4. Nc3 Bb4 5. Bg5 Nbd7 6. cxd5 exd5 7. e3 c5 8.
Bd3 Qa5 9. Qc2 c4 10. Bf5 O-O 11. O-O Re8 12. Nd2 g6 13. Bxd7 Nxd7 14. Rae1 Nb6
15. f3 Bd7 16. h4 Na4 17. Ndb1 Re6 18. e4 Rae8 19. Bd2 Bc6 20. exd5 Rxe1 21.
Rxe1 Rxe1+ 22. Bxe1 Bxd5 23. Bg3 Nxc3 24. Nxc3 Bc6 1/2-1/2